000 00399nam a2200169Ia 4500
008 210210b1962 xxu||||| |||| 00| 0 eng d
041 _aeng
082 _a536/88
100 _aMOTT (N F)
245 _aElements of wave mechanics
260 _aCambridge
_bUniversity Press
_c1962
650 _awave
650 _amechanics
650 _aElements
690 _aModern Physics
906 _a008886
999 _c126715
_d126715